000 00411nam a2200169Ia 4500
005 20140403130209.0
008 140130s9999 xx 000 0 und d
050 _aPZ 7
_b.C11165A3 2009
245 _cCabot, Meg
_aAllie finkle's rules for girls
260 _bScholastic,
_c2009
300 _a205 p. :
_c22 cm.
440 _v1
_931174
521 _aG6
526 _c850
942 _cBK
_2lcc
999 _c41206
_d41206